Soda Brands - Sudden Death - Statistics

General Stats
  • This quiz has been taken 553 times
    107 since last reset
  • The average score is 8 of 16
Answers on the Grid
Answers color-coded by a green-red scale on the quiz's grid according to % correct below.
Coca-Cola
Sprite
Mountain Valley
LaCroix
Barq's
Lipton
Sierra Mist
Sunkist
Ocean Spray
Canada Dry
Capri Sun
Crush
Snapple
Fanta
RC Cola
Tropicana
Hi-C
Dr. Pepper
Fresca
V8
Mott's
A&W
Dasani
Gatorade
Schweppes
Red Bull
Monster
Mountain Dew
Aquafina
Pepsi
Kool-Aid
7 Up
 
Answer Stats
Answer % Correct
Coca-Cola
100%
Sprite
86%
Fanta
55%
Crush
52%
Dr. Pepper
50%
7 Up
46%
Barq's
46%
Canada Dry
46%
Mountain Dew
45%
Sierra Mist
45%
Pepsi
43%
Sunkist
43%
RC Cola
41%
A&W
39%
Schweppes
34%
Fresca
25%
No matching quizzes found
Score Distribution
Percent of People with Each Score
Percentile by Number Answered
Your Score History
You have not taken this quiz since the last reset